000 01175naa a22003377a 4500
001 BR7804586
003 BR-BrBNA
005 20240918174131.0
007 ta
008 230509b bl.||||| |||| 00| 0 por d
040 _aBR-BrBNA
_bpor
_cBiblioteca Nacional de Agricultura
041 _a(Pt)
072 _aF40; K20; K10
_b/G514
_bGZ74
090 _aF40 BR7804586
100 1 _aFlor, H. de M.
111 1 _a1. Simposio Nacional de Ecologia
_cCuritiba, PR (Brazil)
_d26 Sep 1978
245 1 _aCobertura florestal e ecologia no estado do Espirito Santo [Brasil]
260 3 _aCuritiba, PR (Brasil):
_c1978.
500 _aAnais do 1. Simposio Nacional de Ecologia Curitiba, PR (Brasil): 1978. v. 3 p. 87-91 (BR7804586-AM)F40
650 _aEcologia vegetal
650 _aAdministracao florestal
650 _aProducao florestal
650 _aFloresta
650 _aEcologia florestal
650 _aPolitica florestal
650 _aReflorestamento
650 _aEspirito Santo
773 0 _tAnais do 1. Simposio Nacional de Ecologia
_wF40 BR7804586
_gCuritiba, PR (Brasil), 1978. v. 3 p. 87-91
909 _a202404
_bLucia
_c55
_dLucia Elande
942 _cAM
_2AGRIS
999 _c309128
_d309128